Logistics & Supply Chain Management 6/e
Guardat en:
| Autor principal: | |
|---|---|
| Format: | Llibre |
| Publicat: |
Pearson UK
|
| Etiquetes: |
Sense etiquetes, Sigues el primer a etiquetar aquest registre!
|
MARC
| LEADER | 00000nam a2200000Ia 4500 | ||
|---|---|---|---|
| 005 | 20260513122053.0 | ||
| 020 | |a 9781292416182 | ||
| 100 | |a Christopher | ||
| 365 | |c £ | ||
| 365 | |b 20.00 | ||
| 942 | |c BK | ||
| 245 | |a Logistics & Supply Chain Management 6/e | ||
| 260 | |b Pearson UK | ||
| 999 | |c 83 |d 83 | ||
| 952 | |0 0 |1 0 |4 0 |7 0 |a UNSW |b UNSW |d 2026-05-06 |g 48.99 |i 16683 |l 0 |p 000052 |r 2026-05-13 12:20:53 |v 48.99 |w 2026-05-13 |y BK | ||